| 000 | 00498nam a2200193Ia 4500 | ||
|---|---|---|---|
| 008 | 180207s9999 xx 000 0 und d | ||
| 020 | _a9781865043517 | ||
| 050 | _bL438 2001 | ||
| 100 | _aLeask, Jeffrey | ||
| 245 | _aMy raps and rhymes book / | ||
| 245 | _cby Jeffrey leask ; illustrated by Molly Trainor. | ||
| 260 | _aNew York : | ||
| 260 | _bScholastic, | ||
| 260 | _c2001 | ||
| 300 | _a16 pages : | ||
| 300 | _bchiefly colored ; | ||
| 300 | _c21cm. | ||
| 440 | _aReading discovery. | ||
| 999 |
_c355638 _d355638 |
||